[Event "45th Olympiad Budapest 2024"]
[Site "Budapest"]
[Date "2024.09.13"]
[Round "3"]
[Board "3"]
[White "Denning, Julie L"]
[Black "Oviedo Acosta, Paula"]
[Result "0-1"]
[WhiteElo "1741"]
[BlackElo "1790"]
[PlyCount "68"]
[EventDate "2024.09.11"]
[EventType "team-tourn"]
[EventRounds "11"]
[EventCountry "HUN"]
[WhiteTeam "Guernsey"]
[BlackTeam "Paraguay"]
[BlackTeamCountry "PAR"]

1. e4 {[%emt 0:00:03]} c5 {[%emt 0:00:11]} 2. c3 {[%emt 0:00:10]} a6 {[%emt 0:01:29]} 3. d4 {[%emt 0:01:02]} cxd4 {[%emt 0:00:09]} 4. cxd4 {[%emt 0:01:29]} d5 {[%emt 0:00:07]} 5. e5 {[%emt 0:01:21]} ({RR} 5. exd5 Nf6 6. Nc3 Nxd5 7. Nf3 Nc6 8. Bc4 Be6 9. Bb3 Na5 10. Bc2 Nxc3 11. bxc3 g6 12. O-O Bg7 13. Re1 Bd5 14. Bg5 Nc6 15. Nd2 b5 16. Be4 h6 17. Qf3 Bxe4 18. Nxe4 O-O 19. Bf4 e6 {½-½ Nisipeanu,L (2657)-Fier,A (2562) Tegernsee Masters 2020 (6)}) 5... Nc6 {[%emt 0:00:16]} 6. f4 $146 {[%emt 0:04:27]} ({RR} 6. Nc3 Bf5 7. g4 Bd7 8. Bg2 e6 9. Be3 h5 10. h3 hxg4 11. hxg4 Rxh1 12. Bxh1 Qh4 13. Bf3 f6 14. exf6 Nxf6 15. g5 Ne4 16. Nxe4 dxe4 17. Bh5+ Kd8 18. Qg4 Bb4+ 19. Ke2 Qh2 20. Rd1 Ne7 {½-½ Vlassov,N (2299)-Kislinsky,A (2355) Titled Tue 9th Jul Early 2024 (4)}) ({RR} 6. Nc3 Bf5 7. Be2 e6 8. Be3 Nge7 9. Rc1 Rc8 10. h4 h6 11. g4 Bh7 12. h5 Rc7 13. f4 Nc8 14. Nf3 Nb6 15. O-O Na5 16. f5 exf5 17. g5 hxg5 18. Nxg5 Nac4 19. Bf4 Nxb2 20. Qb3 N2c4 {0-1 Martic,I (2279)-Kazakouski,V (2603) Titled Tue 21st May Early 2024 (5)}) ({RR} 6. h3 Bf5 7. Nf3 e6 8. a3 Nge7 9. Nc3 Nc8 10. Bd3 Bxd3 11. Qxd3 Be7 12. O-O O-O 13. Ne1 Nb6 14. Nc2 Rc8 15. Re1 Na5 16. Rb1 Qd7 17. Qg3 Kh8 18. Bg5 Rc7 19. Bxe7 Qxe7 20. f4 Nac4 {0-1 Kislinsky,A (2361)-Kazakouski,V (2577) Titled Tue 31st Oct Early 2023 (6)}) 6... Qb6 {[%emt 0:01:42]} 7. Nc3 {[%emt 0:05:32]} e6 {[%emt 0:04:47]} 8. Nf3 {[%emt 0:04:54]} Nge7 {[%emt 0:01:07]} 9. g4 {[%emt 0:05:21]} h5 {[%emt 0:01:10]} 10. g5 {[%emt 0:13:05]} Nf5 {[%emt 0:03:04]} 11. Na4 {[%emt 0:08:09]} Bb4+ {[%emt 0:05:30]} 12. Kf2 {[%emt 0:01:50]} Qa7 {[%emt 0:08:23]} 13. Be3 {[%emt 0:03:49]} Bd7 {[%emt 0:00:22]} 14. Nc5 {[%emt 0:04:49]} Bxc5 {[%emt 0:00:40]} 15. dxc5 {[%emt 0:00:11]} Nxe3 {[%emt 0:00:07]} 16. Kxe3 {[%emt 0:01:59]} Qxc5+ {[%emt 0:02:30]} 17. Nd4 {[%emt 0:02:27]} g6 {[%emt 0:03:57]} 18. Rc1 {[%emt 0:03:12]} Qb6 {[%emt 0:00:22]} 19. b3 {[%emt 0:01:36]} Ke7 {[%emt 0:00:59]} 20. Be2 {[%emt 0:01:54]} Rac8 {[%emt 0:00:39]} 21. Qd2 {[%emt 0:04:30]} Rc7 {[%emt 0:02:40]} 22. Rhd1 {[%emt 0:04:15]} Rhc8 {[%emt 0:00:33]} 23. Rb1 {[%emt 0:03:53]} Nxd4 {[%emt 0:07:09]} 24. Qxd4 {[%emt 0:00:47]} Rc3+ {[%emt 0:00:16]} 25. Bd3 {[%emt 0:00:21]} Qa5 {[%emt 0:02:35]} 26. Ra1 {[%emt 0:02:27]} Bb5 {[%emt 0:00:31]} 27. Kf2 {[%emt 0:06:28]} Rxd3 {[%emt 0:04:34]} 28. Rxd3 {[%emt 0:01:28]} Rc2+ {[%emt 0:00:07]} 29. Kg3 {[%emt 0:01:34]} Bxd3 {[%emt 0:00:32]} 30. Kh4 {[%emt 0:02:58]} Qd2 {[%emt 0:04:51]} 31. Rh1 {[%emt 0:01:02]} Qg2 {[%emt 0:00:27]} 32. Qb4+ {[%emt 0:00:26]} Ke8 {[%emt 0:00:10]} 33. Qa4+ {[%emt 0:02:29]} b5 {[%emt 0:00:20]} 34. Qxa6 {[%emt 0:00:28]} Qg4# {[%emt 0:00:07]} 0-1

[Event "45th Olympiad Budapest 2024"]
[Site "Budapest"]
[Date "2024.09.13"]
[Round "3"]
[Board "2"]
[White "Kaslan, Victoria"]
[Black "Geske, Bruna"]
[Result "0-1"]
[WhiteElo "1726"]
[BlackElo "2023"]
[PlyCount "76"]
[EventDate "2024.09.11"]
[EventType "team-tourn"]
[EventRounds "11"]
[EventCountry "HUN"]
[WhiteTeam "Suriname"]
[BlackTeam "Albania"]
[WhiteTeamCountry "SUR"]
[BlackTeamCountry "ALB"]

1. e4 {[%emt 0:00:14]} c5 {[%emt 0:00:51]} 2. Nf3 {[%emt 0:00:25]} Nc6 {[%emt 0:00:15]} 3. d4 {[%emt 0:00:18]} cxd4 {[%emt 0:00:08]} 4. Nxd4 {[%emt 0:00:16]} Nf6 {[%emt 0:00:04]} 5. Nc3 {[%emt 0:00:56]} e5 {[%emt 0:00:05]} 6. Ndb5 {[%emt 0:01:35]} d6 {[%emt 0:03:53]} 7. Nd5 {[%emt 0:01:04]} Nxd5 {[%emt 0:03:17]} 8. exd5 {[%emt 0:00:36]} Nb8 {[%emt 0:00:15]} 9. a4 {[%emt 0:05:40]} Be7 {[%emt 0:04:50]} 10. b4 {[%emt 0:04:54]} O-O {[%emt 0:01:36]} ({RR} 10... a6 11. Na3 a5 12. Bb5+ Bd7 13. bxa5 Qxa5+ 14. Bd2 Qc7 15. O-O O-O 16. c4 Na6 17. Be3 Bf5 18. Bxa6 Rxa6 19. Qb3 b6 20. Qb4 Rc8 21. Rfc1 g5 22. Nb5 Qd8 23. Ra3 Bg6 24. Rb3 Qd7 25. Nc3 {0-1 Diaz Rosas,J (2406)-Ibarra Chami,L (2423) ch-Mexico 2024 (4.3)}) 11. a5 {[%emt 0:02:40]} Bd7 $146 {[%emt 0:09:26]} ({RR} 11... a6 12. Na3 f5 13. Be2 Nd7 14. O-O f4 15. f3 Qe8 16. Bd3 Qh5 17. Qe2 Nf6 18. b5 Nxd5 19. Bc4 Be6 20. Qd3 Qf7 21. Rd1 Nb4 22. Bxe6 Qxe6 23. Qd2 Na2 24. Bb2 axb5 25. c3 Rfc8 26. Nxb5 {0-1 Harish,N (2076)-Gjestemoen-VonHirsch,A (2327) Fagernes GM Swiss Aut 2023 (1.25)}) ({RR} 11... Bf5 12. Be2 Nd7 13. O-O a6 14. Na3 Bg6 15. c4 Kh8 16. Nc2 Bg5 17. Ra3 Rc8 18. Kh1 Qe7 19. Bxg5 Qxg5 20. Qc1 Qe7 21. Qd2 Rfe8 22. Rc3 f5 23. f4 Nf6 24. Bf3 Qf7 25. g3 Bh5 26. Bg2 {½-½ Cheparinov,I (2660)-Gukesh,D (2732) 6th Sharjah Masters 2023 (2.2)}) ({RR} 11... a6 12. Na3 Nd7 13. Be2 f5 14. O-O e4 15. Nc4 f4 16. Bg4 Qc7 17. Be6+ Kh8 18. Qe2 f3 19. Qxe4 Nf6 20. Qd4 Bxe6 21. dxe6 d5 22. Ne5 fxg2 23. Re1 Qxc2 24. Bb2 Qf5 25. Nf7+ Kg8 26. Re5 {1-0 Hoffmann,M (2413)-Dauw,S (2215) Pays de Charleroi Open 2023 (6.3)}) 12. Be3 {[%emt 0:03:02]} Bxb5 {[%emt 0:04:49]} 13. Bxb5 {[%emt 0:00:43]} f5 {[%emt 0:00:58]} 14. O-O {[%emt 0:28:10]} a6 {[%emt 0:08:16]} 15. Bb6 {[%emt 0:02:55]} Qc8 {[%emt 0:00:13]} 16. Be2 {[%emt 0:05:33]} Nd7 {[%emt 0:01:04]} 17. Be3 {[%emt 0:02:33]} f4 {[%emt 0:12:57]} 18. Bd2 {[%emt 0:02:32]} b5 {[%emt 0:07:48]} 19. Rc1 {[%emt 0:07:40]} Qb7 {[%emt 0:02:59]} 20. c4 {[%emt 0:05:02]} Nf6 {[%emt 0:03:21]} 21. Qb3 {[%emt 0:06:20]} Ne4 {[%emt 0:07:45]} 22. Be1 {[%emt 0:01:21]} bxc4 {[%emt 0:05:27]} 23. Bxc4 {[%emt 0:00:19]} f3 {[%emt 0:00:42]} 24. gxf3 {[%emt 0:16:58]} Ng5 {[%emt 0:00:17]} 25. Be2 {[%emt 0:00:43]} Nh3+ {[%emt 0:01:54]} 26. Kh1 {[%emt 0:00:24]} Nf4 {[%emt 0:00:11]} 27. Bc4 {[%emt 0:00:36]} Rf6 {[%emt 0:03:45]} 28. Rg1 {[%emt 0:00:20]} Raf8 {[%emt 0:03:45]} 29. b5 {[%emt 0:00:34]} Rh6 {[%emt 0:01:50]} 30. Bf1 {[%emt 0:00:34]} Bd8 {[%emt 0:05:12]} 31. Rc6 {[%emt 0:00:34]} Qf7 {[%emt 0:00:45]} 32. Rg3 {[%emt 0:00:31]} Bh4 {[%emt 0:01:23]} 33. Rg4 {[%emt 0:00:25]} Qh5 {[%emt 0:00:46]} 34. Qe3 {[%emt 0:00:35]} Bg3 {[%emt 0:01:46]} 35. h4 {[%emt 0:00:27]} Bxh4 {[%emt 0:00:17]} 36. Kg1 {[%emt 0:00:07]} Bg3 {[%emt 0:00:38]} 37. Bg2 {[%emt 0:00:08]} Qh2+ {[%emt 0:00:08]} 38. Kf1 {[%emt 0:00:09]} Qxg2# {[%emt 0:00:09]} 0-1

[Event "45th Olympiad Budapest 2024"]
[Site "Budapest"]
[Date "2024.09.13"]
[Round "3"]
[Board "4"]
[White "Tjong Tjin Joe, Maylee"]
[Black "Shabanaj, Eglantina"]
[Result "0-1"]
[WhiteElo "1665"]
[BlackElo "1957"]
[PlyCount "72"]
[EventDate "2024.09.11"]
[EventType "team-tourn"]
[EventRounds "11"]
[EventCountry "HUN"]
[WhiteTeam "Suriname"]
[BlackTeam "Albania"]
[WhiteTeamCountry "SUR"]
[BlackTeamCountry "ALB"]

1. e4 {[%emt 0:00:03]} e6 {[%emt 0:00:46]} 2. d4 {[%emt 0:00:18]} d5 {[%emt 0:00:07]} 3. Nd2 {[%emt 0:00:20]} c5 {[%emt 0:00:10]} 4. Ngf3 {[%emt 0:00:12]} Nc6 {[%emt 0:00:18]} 5. Bb5 {[%emt 0:01:22]} Bd7 {[%emt 0:00:37]} 6. Bxc6 {[%emt 0:01:54]} ({RR} 6. O-O cxd4 7. Bxc6 bxc6 8. Nxd4 c5 9. N4f3 d4 10. Nc4 Nf6 11. Re1 Be7 12. Bf4 O-O 13. Nfe5 Bb5 14. b3 Rc8 15. a4 Bxc4 16. Nxc4 Qd7 17. Qf3 Rfd8 18. Rad1 Qb7 19. Qg3 Nxe4 20. Qf3 Nd6 {0-1 Steenbekkers,F (2164)-Golubenko,V (2209) Titled Tuesday intern op 16th Nov blitz 2021 (5)}) ({RR} 6. Qe2 a6 7. exd5 Nxd4 8. Bxd7+ Qxd7 9. dxe6 Qxe6 10. Nxd4 Qxe2+ 11. Nxe2 Bd6 12. Ne4 Be7 13. Be3 b6 14. N2c3 Nf6 15. Nxf6+ Bxf6 16. Na4 b5 17. Nb6 Rb8 18. Bxc5 Bxb2 19. Rd1 Rd8 20. Rxd8+ Kxd8 {½-½ Ferenczy,L (1283)-Bencsics,B Mosonmagyarovar Polip Kupa-C 2nd 2022 (2)}) 6... Bxc6 {[%emt 0:00:37]} 7. e5 {[%emt 0:04:02]} Qb6 {[%emt 0:02:34]} 8. c3 {[%emt 0:01:02]} Qa6 $146 {[%emt 0:01:34]} ({RR} 8... Bb5 9. a4 Bd3 10. h4 Nh6 11. Nf1 Be4 12. N1h2 cxd4 13. cxd4 Rc8 14. O-O Bc2 15. Qd2 Bb4 16. Qg5 Nf5 17. g4 h6 18. Qf4 Ne7 19. h5 Bd3 20. g5 Bxf1 21. Nxf1 Nf5 22. Ng3 hxg5 23. Qxg5 {0-1 Heyder,S (1339)-Stoer,N (1705) Dortmund Sparkassen op-B 2011 (6)}) ({RR} 8... Nh6 9. Nb3 Nf5 10. Qc2 Rc8 11. Be3 cxd4 12. Nfxd4 Nxe3 13. fxe3 Be7 14. O-O O-O 15. Rf3 Qc7 16. Rh3 g6 17. Nf3 Qb6 18. Nbd4 a5 19. Rg3 Qd8 20. Rf1 b5 21. Nxc6 Rxc6 22. Nd4 Rb6 23. Qe2 {1-0 Shihaliev,L-Zaynutdinov,M Uljanovsk Povolje op 2011 (8)}) ({RR} 8... Ne7 9. O-O Nf5 10. Nb3 Ba4 11. dxc5 Bxc5 12. Nfd2 Bb5 13. Nxc5 Bxf1 14. Qa4+ Bb5 15. Qb4 a5 16. Qa3 Rc8 17. Ncb3 Ne3 18. Qxa5 Qxa5 19. Nxa5 Nc2 20. Rb1 b6 21. Nb7 O-O 22. Nd6 Rc5 23. Nb3 {0-1 Fruth,D (1473)-Skolnik,A (1278) GER-chT U12 Magdeburg 2019 (2.2)}) 9. dxc5 {[%emt 0:02:59]} Bxc5 {[%emt 0:01:06]} 10. b4 {[%emt 0:00:21]} Be7 {[%emt 0:00:39]} 11. a4 {[%emt 0:00:22]} Qd3 {[%emt 0:00:39]} 12. Bb2 {[%emt 0:04:20]} Nh6 {[%emt 0:06:09]} 13. Nb3 {[%emt 0:01:53]} Qxd1+ {[%emt 0:02:22]} 14. Kxd1 {[%emt 0:00:07]} a6 {[%emt 0:01:20]} 15. Nbd4 {[%emt 0:02:59]} O-O {[%emt 0:01:53]} 16. Bc1 {[%emt 0:05:38]} Ng4 {[%emt 0:03:46]} 17. Rf1 {[%emt 0:02:30]} Bd7 {[%emt 0:00:34]} 18. h3 {[%emt 0:01:32]} Nh6 {[%emt 0:00:09]} 19. g4 {[%emt 0:11:30]} Rac8 {[%emt 0:01:06]} 20. g5 {[%emt 0:07:54]} Nf5 {[%emt 0:00:54]} 21. Bd2 {[%emt 0:00:24]} Rc4 {[%emt 0:02:04]} 22. Nxf5 {[%emt 0:12:09]} exf5 {[%emt 0:00:18]} 23. h4 {[%emt 0:13:12]} f4 {[%emt 0:01:05]} 24. Rg1 {[%emt 0:00:40]} d4 {[%emt 0:05:57]} 25. cxd4 {[%emt 0:00:43]} Bxb4 {[%emt 0:00:18]} 26. Bxf4 {[%emt 0:02:25]} Bc3 {[%emt 0:00:57]} 27. Rc1 {[%emt 0:02:33]} Bxa4+ {[%emt 0:03:13]} 28. Ke2 {[%emt 0:00:08]} Bb5 {[%emt 0:00:25]} 29. Ke3 {[%emt 0:01:52]} Rfc8 {[%emt 0:01:20]} 30. Rcd1 {[%emt 0:04:44]} Bb2 {[%emt 0:00:58]} 31. h5 {[%emt 0:11:55]} Rc3+ {[%emt 0:02:17]} 32. Ke4 {[%emt 0:01:27]} Be2 {[%emt 0:00:08]} 33. Nd2 {[%emt 0:01:28]} Bxh5 {[%emt 0:00:50]} 34. Be3 {[%emt 0:01:26]} Bxd1 {[%emt 0:01:04]} 35. Rxd1 {[%emt 0:00:05]} a5 {[%emt 0:01:01]} 36. d5 {[%emt 0:00:27]} a4 {[%emt 0:01:07]} 0-1

[Event "45th Olympiad Budapest 2024"]
[Site "Budapest"]
[Date "2024.09.13"]
[Round "3"]
[Board "3"]
[White "El Harrak, Maryam"]
[Black "Perez Hernandez, Vicmary C."]
[Result "0-1"]
[WhiteElo "1639"]
[BlackElo "1960"]
[PlyCount "42"]
[EventDate "2024.09.11"]
[EventType "team-tourn"]
[EventRounds "11"]
[EventCountry "HUN"]
[WhiteTeam "Morocco"]
[BlackTeam "Venezuela"]
[WhiteTeamCountry "MAR"]
[BlackTeamCountry "VEN"]

1. d4 {[%emt 0:00:13]} Nf6 {[%emt 0:01:31]} 2. c4 {[%emt 0:01:51]} g6 {[%emt 0:00:06]} 3. Nf3 {[%emt 0:01:38]} Bg7 {[%emt 0:00:04]} 4. g3 {[%emt 0:02:01]} O-O {[%emt 0:00:06]} 5. Bg2 {[%emt 0:01:56]} d6 {[%emt 0:00:07]} 6. O-O {[%emt 0:01:59]} Nc6 {[%emt 0:00:04]} 7. Nc3 {[%emt 0:01:31]} a6 {[%emt 0:00:06]} 8. e4 {[%emt 0:03:57]} Bg4 {[%emt 0:00:09]} 9. Be3 {[%emt 0:13:01]} Re8 {[%emt 0:06:46]} 10. Qd2 {[%emt 0:06:52]} ({RR} 10. Qc2 Bxf3 11. Bxf3 e5 12. d5 Nd4 13. Bxd4 exd4 14. Ne2 Qe7 15. Rfe1 {½-½ Graf,A (2584)-Kasimdzhanov,R (2603) Groningen op 1999 (11)}) 10... Bxf3 {[%emt 0:01:32]} 11. Bxf3 {[%emt 0:00:47]} e5 {[%emt 0:00:15]} 12. Ne2 $146 {[%emt 0:07:18]} ({RR} 12. d5 Nd4 13. Bg2 c5 14. Ne2 Ng4 15. Bg5 Bf6 16. Bxf6 Nxf6 17. Nxd4 exd4 18. Rae1 b5 19. b3 Ra7 20. Re2 Rae7 21. Rfe1 bxc4 22. bxc4 Ng4 23. Rb1 Ne5 24. Qc1 Qa5 25. h3 Qa4 26. Rc2 Nd3 {0-1 Mukovskiy,P (1914)-Raiko,Y (1841) World Rapid Team 2023 (9.5)}) ({RR} 12. d5 Nd4 13. Bg2 c5 14. h3 Qa5 15. f4 b5 16. fxe5 dxe5 17. cxb5 axb5 18. Bg5 Nd7 19. Qf2 f6 20. Be3 b4 21. Nd1 Nb3 22. axb3 Qxa1 23. h4 Qa6 24. Bh3 Qd6 25. Bxd7 Qxd7 26. Bxc5 Qb5 {0-1 Gospodinov,G (2054)-Danov,R (1812) BUL-chT2 Albena 2011 (2.1)}) ({RR} 12. d5 Nd4 13. Bg2 c5 14. Bg5 Qc7 15. Bxf6 Bxf6 16. Qd3 Qa5 17. Bh3 b5 18. f4 bxc4 19. Qxc4 Rab8 20. Rf2 exf4 21. gxf4 Rb4 22. Qf1 Rxb2 23. Rxb2 Qxc3 24. Rab1 Rxe4 25. Kh1 Nb5 26. Bg2 Ra4 {0-1 Stuchal,M-Zimmerman,Y (2380) Kosice op 1997}) 12... exd4 {[%emt 0:01:28]} 13. Nxd4 {[%emt 0:01:57]} Nxe4 {[%emt 0:07:26]} 14. Bxe4 {[%emt 0:04:35]} Rxe4 {[%emt 0:00:39]} 15. Nxc6 {[%emt 0:02:11]} bxc6 {[%emt 0:00:07]} 16. Rac1 {[%emt 0:00:58]} Qf6 {[%emt 0:04:59]} 17. Rc2 {[%emt 0:02:47]} h5 {[%emt 0:03:02]} 18. b4 {[%emt 0:07:23]} Qf5 {[%emt 0:01:59]} 19. a4 {[%emt 0:03:45]} h4 {[%emt 0:04:49]} 20. f3 {[%emt 0:02:26]} Rxe3 {[%emt 0:00:20]} 21. Qxe3 {[%emt 0:04:44]} Qxc2 {[%emt 0:00:05]} 0-1

[Event "45th Olympiad Budapest 2024"]
[Site "Budapest"]
[Date "2024.09.13"]
[Round "3"]
[Board "4"]
[White "Pena Gonzalez, Clara Isabel"]
[Black "El Barbry, Sarah"]
[Result "1-0"]
[WhiteElo "1895"]
[BlackElo "1862"]
[PlyCount "131"]
[EventDate "2024.09.11"]
[EventType "team-tourn"]
[EventRounds "11"]
[EventCountry "HUN"]
[WhiteTeam "Venezuela"]
[BlackTeam "Morocco"]
[WhiteTeamCountry "VEN"]
[BlackTeamCountry "MAR"]

1. e4 {[%emt 0:00:05] ChessBase II} e6 {[%emt 0:00:40]} 2. d4 {[%emt 0:00:10]} d5 {[%emt 0:00:03]} 3. Nd2 {[%emt 0:00:05]} Nc6 {[%emt 0:00:06]} 4. Ngf3 {[%emt 0:00:19]} Nf6 {[%emt 0:00:08]} 5. e5 {[%emt 0:00:11]} Nd7 {[%emt 0:00:07]} 6. Bb5 {[%emt 0:00:46]} Be7 {[%emt 0:09:09]} 7. Qe2 $146 {[%emt 0:04:23]} ({RR} 7. c4 dxc4 8. O-O O-O 9. Nxc4 Nb4 10. Ne3 Nb6 11. a3 N4d5 12. Qc2 Bd7 13. Bd3 h6 14. Nd2 Nf4 15. Ne4 Ba4 16. Qc3 Nxd3 ({RR} 16... c5) 17. Qxd3 c5 18. Ng4 Qxd4 19. Nef6+ Bxf6 20. Qxd4 cxd4 21. exf6 Rfd8 {1-0 Skotorenko,V-Serebrisky,A UKR-ch18 sf A 1949 (1)}) ({RR} 7. O-O O-O 8. Re1 a6 9. Bxc6 bxc6 10. Nb3 c5 11. Na5 Nb8 12. a3 cxd4 13. Nxd4 c5 14. Ndc6 Nxc6 15. Nxc6 Qd7 16. Nxe7+ Qxe7 17. Qg4 f5 18. exf6 Qxf6 19. Qg3 Bb7 20. Bg5 Qg6 21. Be7 Qxg3 {1-0 Hammer,J (2680)-Balog,I (2537) Titled Tuesday intern op 6th Oct blitz 2015 (4)}) ({RR} 7. O-O O-O 8. Re1 a6 9. Ba4 Nb6 10. Bb3 Na5 11. Nf1 c5 12. c3 cxd4 13. cxd4 Nxb3 14. Qxb3 Bd7 15. Bd2 Ba4 16. Qd3 Nc4 17. b3 Nxd2 18. N1xd2 Bb5 19. Qe3 Rc8 20. Rac1 Ba3 21. Rxc8 Qxc8 {0-1 Bezerra,N (1991)-Roienko,A (2162) Titled Tue 6th Jun Late 2023 (2)}) ({RR} 7. O-O O-O 8. b3 a6 9. Be2 b5 10. Bb2 Bb7 11. a3 Na5 12. Bc3 Nc6 13. Ne1 b4 14. axb4 Nxb4 15. f4 c5 16. Bxb4 cxb4 17. Bd3 Qb6 18. Ndf3 f5 19. Kh1 a5 20. Rg1 Ba6 {½-½ Rossetto,H-Guimard,C Mar del Plata International-13 1950 (9)}) ({RR} 7. Nb3 a5 8. a4 O-O 9. O-O f6 10. exf6 gxf6 11. Bxc6 bxc6 12. Qe1 Nb6 13. Nxa5 Qd6 14. Qc3 c5 15. dxc5 Qxc5 16. Qxc5 Bxc5 17. Nb3 Rxa4 18. Bh6 Bd6 19. Bxf8 Kxf8 20. Rxa4 Nxa4 21. Nbd4 e5 {½-½ Van Schoor,K-Van den Broeck,H BEL-ch Blankenberge 1958 (5)}) 7... Nb4 {[%emt 0:11:35]} 8. Ba4 {[%emt 0:05:58]} c5 {[%emt 0:03:25]} 9. c3 {[%emt 0:03:45]} Nc6 {[%emt 0:02:19]} 10. O-O {[%emt 0:11:05]} O-O {[%emt 0:23:15]} 11. dxc5 {[%emt 0:11:36]} Nxc5 {[%emt 0:05:00]} 12. Bc2 {[%emt 0:00:34]} Qc7 {[%emt 0:02:25]} 13. Re1 {[%emt 0:04:45]} a5 {[%emt 0:05:25]} 14. Nb3 {[%emt 0:02:42]} b6 {[%emt 0:09:52]} 15. Nxc5 {[%emt 0:03:43]} bxc5 {[%emt 0:01:20]} 16. Ng5 {[%emt 0:01:38]} g6 {[%emt 0:08:08]} 17. Nxh7 {[%emt 0:16:27]} Qxe5 {[%emt 0:02:17]} 18. Qxe5 {[%emt 0:00:30]} Nxe5 {[%emt 0:00:01]} 19. Nxf8 {[%emt 0:00:10]} Bf6 {[%emt 0:04:29]} 20. f4 {[%emt 0:03:53]} Nc4 {[%emt 0:01:16]} 21. Nxg6 {[%emt 0:00:48]} fxg6 {[%emt 0:00:06]} 22. Bd3 {[%emt 0:02:07]} Kf7 {[%emt 0:01:01]} 23. Bxc4 {[%emt 0:00:51]} dxc4 24. Be3 {[%emt 0:01:07]} Rb8 {[%emt 0:01:20]} 25. Re2 {[%emt 0:01:21]} Be7 {[%emt 0:00:05]} 26. Rd1 {[%emt 0:00:41]} a4 {[%emt 0:00:50]} 27. a3 {[%emt 0:01:16]} Rb7 {[%emt 0:01:45]} 28. Red2 {[%emt 0:02:58]} Rb6 {[%emt 0:01:46]} 29. h3 {[%emt 0:01:11]} Rb7 {[%emt 0:00:50]} 30. g4 {[%emt 0:00:12]} Rb6 {[%emt 0:00:06]} 31. Kg2 {[%emt 0:00:10]} Bb7+ {[%emt 0:01:52]} 32. Kg3 {[%emt 0:00:10]} Be4 {[%emt 0:00:37]} 33. h4 {[%emt 0:01:38]} Bd3 {[%emt 0:01:14]} 34. Rh1 {[%emt 0:01:23]} Kg7 {[%emt 0:00:35]} 35. h5 {[%emt 0:00:17]} Kh6 {[%emt 0:02:25]} 36. hxg6+ {[%emt 0:01:30]} Kxg6 {[%emt 0:00:02]} 37. f5+ {[%emt 0:01:20]} Kg7 {[%emt 0:00:21]} 38. Rh6 {[%emt 0:00:42]} Bf6 {[%emt 0:02:30]} 39. Kf2 {[%emt 0:05:56]} exf5 {[%emt 0:00:38]} 40. g5 {[%emt 0:00:31]} Bd8 {[%emt 0:00:08]} 41. Rxb6 {[%emt 0:00:21]} Bxb6 {[%emt 0:00:03]} 42. Kg3 {[%emt 0:00:16]} Bc7+ {[%emt 0:01:49]} 43. Bf4 {[%emt 0:00:09]} Bd8 {[%emt 0:00:28]} 44. Rh2 {[%emt 0:00:08]} Be7 {[%emt 0:03:13]} 45. Rh6 {[%emt 0:00:21]} Be4 {[%emt 0:01:32]} 46. Ra6 {[%emt 0:00:10]} Bc2 {[%emt 0:00:57]} 47. Ra7 {[%emt 0:00:36]} Kf8 {[%emt 0:00:16]} 48. g6 {[%emt 0:00:10]} Be4 {[%emt 0:01:11]} 49. Bh6+ {[%emt 0:00:12]} Ke8 {[%emt 0:01:26]} 50. g7 {[%emt 0:00:22]} f4+ {[%emt 0:04:24]} 51. Kxf4 {[%emt 0:00:58]} Bh7 {[%emt 0:00:10]} 52. Ra8+ {[%emt 0:00:15]} Kf7 {[%emt 0:00:22]} 53. Rf8+ {[%emt 0:00:44]} Kg6 {[%emt 0:00:52]} 54. g8=Q+ {[%emt 0:00:19]} Bxg8 {[%emt 0:00:35]} 55. Rxg8+ {[%emt 0:00:07]} Kxh6 {[%emt 0:06:50]} 56. Ra8 {[%emt 0:00:08]} Kg6 {[%emt 0:01:07]} 57. Rxa4 {[%emt 0:00:10]} Bg5+ {[%emt 0:00:09]} 58. Ke4 {[%emt 0:00:18]} Bc1 {[%emt 0:00:13]} 59. Rxc4 {[%emt 0:00:20]} Kf6 {[%emt 0:01:31]} 60. Rxc5 {[%emt 0:00:15]} Bxb2 {[%emt 0:00:36]} 61. a4 {[%emt 0:00:06]} Ba3 {[%emt 0:01:08]} 62. Rb5 {[%emt 0:00:08]} Ke6 {[%emt 0:01:14]} 63. a5 {[%emt 0:00:08]} Kd6 {[%emt 0:00:15]} 64. a6 {[%emt 0:00:07]} Kc6 {[%emt 0:00:57]} 65. c4 {[%emt 0:00:17]} Bc5 {[%emt 0:00:26]} 66. Rxc5+ {[%emt 0:00:20]} 1-0

[Event "45th Olympiad Budapest 2024"]
[Site "Budapest"]
[Date "2024.09.13"]
[Round "3"]
[Board "1"]
[White "Gomez Barrera, Javiera Belen"]
[Black "Chen, Chi"]
[Result "1-0"]
[WhiteElo "2123"]
[BlackElo "1746"]
[PlyCount "41"]
[EventDate "2024.09.11"]
[EventType "team-tourn"]
[EventRounds "11"]
[EventCountry "HUN"]
[WhiteTeam "Chile"]
[BlackTeam "Chinese Taipei"]
[WhiteTeamCountry "CHI"]

1. e4 {[%emt 0:00:10]} c5 {[%emt 0:00:09]} 2. Nf3 {[%emt 0:00:08]} e6 {[%emt 0:00:07]} 3. d4 {[%emt 0:00:18]} cxd4 {[%emt 0:00:07]} 4. Nxd4 {[%emt 0:00:04]} Nc6 {[%emt 0:00:07]} 5. Nc3 {[%emt 0:00:03]} Qc7 {[%emt 0:00:09]} 6. Be3 {[%emt 0:00:04]} a6 {[%emt 0:00:15]} 7. g4 {[%emt 0:00:09]} b5 {[%emt 0:09:48]} 8. Nxc6 {[%emt 0:00:13]} Qxc6 {[%emt 0:12:42]} 9. Qd2 {[%emt 0:00:05]} b4 {[%emt 0:07:31]} 10. Ne2 {[%emt 0:00:05]} Nf6 {[%emt 0:13:38]} ({RR} 10... Qxe4 11. Rg1 Qc4 12. Nf4 Qc7 13. O-O-O Nf6 14. Bg2 Bb7 15. g5 Ne4 16. Qd4 Nd6 17. Qxb4 Bxg2 18. Nxg2 Rb8 19. Qa4 a5 20. Bd2 Nc4 21. Bc3 Bb4 22. Bxg7 Rg8 23. Bf6 Be7 24. Bc3 Bxg5+ 25. Ne3 {½-½ Karjakin,S (2758)-Rapport,R (2760) Norway Chess 9th 2021 (2)}) ({RR} 10... Qxe4 11. Rg1 Qc4 12. Nf4 Qc7 13. O-O-O Nf6 14. Nh5 Nxh5 15. gxh5 d5 16. f4 Bb7 17. Bd4 Bd6 18. Kb1 Bxf4 19. Qxb4 Bd6 20. Qb3 Rg8 21. Rxg7 Rxg7 22. Bxg7 O-O-O 23. Bf6 Be7 24. Bd4 Bc5 25. Bf6 {1-0 Gan-Erdene,S (2429)-Munkhdalai,A (2360) ch-MGL 2024 Choibalsan MGL (7.5)}) 11. f3 {[%emt 0:01:34]} d5 {[%emt 0:14:03]} 12. g5 $146 {[%emt 0:08:12]} ({RR} 12. e5 Nd7 13. Nd4 Qc7 14. f4 Bc5 15. O-O-O Bb7 16. Kb1 Bxd4 17. Qxd4 a5 18. Bd3 Ba6 19. Rc1 O-O 20. h4 Rfb8 21. h5 a4 22. g5 b3 23. cxb3 Bxd3+ 24. Qxd3 Qb7 25. g6 fxg6 26. hxg6 h6 {1-0 Yuan,Q (2373)-Nguyen,H (1697) Titled Tuesday intern op 20th July blitz 2021 (2)}) ({RR} 12. Nd4 Qb7 13. g5 Nd7 14. O-O-O e5 15. exd5 exd4 16. Bxd4 Bd6 17. Bxg7 Rg8 18. Bd4 Qc7 19. Kb1 Bb7 20. Re1+ Kd8 21. h4 Re8 22. Bh3 Ne5 23. f4 Nf3 24. Rxe8+ Kxe8 25. Qe3+ Kf8 26. Qxf3 Qc4 {1-0 Paravyan,D (2612)-Srihari,L (2416) Titled Tue 27th Jun Early 2023 (6)}) ({RR} 12. e5 Nd7 13. Nd4 Qc7 14. f4 Nc5 15. Bg2 a5 16. c4 bxc3 17. Qxc3 Ba6 18. Kf2 Nd3+ 19. Kf3 Qxc3 20. bxc3 g5 21. fxg5 Nxe5+ 22. Kg3 Nd3 23. h4 Bd6+ 24. Kh3 Rc8 25. Rab1 Rxc3 26. Rb6 Nf2# {0-1 Aarav,D (2377)-Andreikin,D (2729) Titled Tue 31st Jan Late 2023 (1)}) 12... Nd7 {[%emt 0:01:50]} 13. exd5 {[%emt 0:01:45]} exd5 {[%emt 0:02:59]} 14. O-O-O {[%emt 0:01:13]} Bb7 {[%emt 0:00:46]} 15. Nf4 {[%emt 0:16:19]} Rc8 {[%emt 0:00:58]} 16. Bh3 {[%emt 0:07:31]} Be7 {[%emt 0:18:38]} 17. Nxd5 {[%emt 0:06:47]} Rd8 {[%emt 0:11:51]} 18. Nxe7 {[%emt 0:01:32]} Kxe7 {[%emt 0:00:06]} 19. Qxb4+ {[%emt 0:00:48]} Ke8 {[%emt 0:00:13]} 20. Rhe1 {[%emt 0:01:20]} Ne5 {[%emt 0:02:25]} 21. Rxd8+ {[%emt 0:00:20]} 1-0